000 01137nam a2200265Ia 4500
001 951-CHÖ tr na (7964)
003 IT-MiSPE
008 171229s9999||||xx |||||||||||||| ||und||
040 _aIT-MiSPE
_cIT-MiSPE
041 _aITALIANO
100 _aChögyam Trungpa
240 _aBorn in Tibet
245 0 _aNato nel Tibet
250 _a1a ed. (v)
260 _aMilano
_bRusconi
_c1975
300 _a292 p.
_c20 cm
500 _aTibet; Lamaismo
501 _aEdizioni San Paolo srl - Piazza Soncino, 5 - 20092 CINISELLO BALSAMO (MI) (non commercial uses only) ® Copyright 2018
520 _aEsmé Cramer Roberts (testo), Marcos Pallis (pres.), Cristina Campo (intr.)
700 _aDonatella Tippett Andalò
_g(traduzione)
700 _aEsmé Cramer Roberts
942 _cBK
957 _71
999 _a19641
_bNO
_g Copie: 1
_c357562
_d357562